| 000 | 01055nam a2200289 a 4500 | ||
|---|---|---|---|
| 001 | BK0010830176 | ||
| 005 | 20241220133820.0 | ||
| 008 | 120810r20122012nyua j 000 1 eng d | ||
| 010 | _abl2012028989 | ||
| 020 |
_a9781250010162 : PAP _c6.99 |
||
| 020 |
_a1250010160 : PAP _c6.99 |
||
| 037 |
_bFeiwel & Friends, C/O Mps 16365 James Madison Hwy, Gordonsville, VA, USA, 22960, (646)3075339 _nSAN 631-5011 |
||
| 040 |
_aNjBwBT _cNjBwBT |
||
| 050 | 1 | 4 |
_aPZ7.B82832 _bBaf 2012b |
| 082 | 0 | 4 |
_a[E] _223 |
| 092 | _aE | ||
| 100 | 1 |
_aBruel, Nick. _95729365 |
|
| 245 | 1 | 0 |
_aBad Kitty for president / _cNick Bruel. |
| 250 | _a1st Square Fish ed. | ||
| 260 |
_aNew York : _bSquare Fish, _c2012. |
||
| 300 |
_a142 p. : _bill. ; _c21 cm. |
||
| 500 | _aOriginally published: New York : Roaring Brook Press, 2012. With additional material. | ||
| 520 | _aKitty decides to run for President of the Neighborhood Cat Association. | ||
| 650 | 1 |
_aPolitics, Practical _vFiction. _95715193 |
|
| 650 | 1 |
_aElections _vFiction. _95686790 |
|
| 650 | 1 |
_aCats _vFiction. _95674208 |
|
| 999 |
_c89707 _d89707 |
||